[Event "Niederrhein-ch"]
[Site "Solingen"]
[Date "2019.04.14"]
[Round "3.5"]
[White "Strater, Heinz"]
[Black "Borchert, Stephan"]
[Result "0-1"]
[WhiteElo "1831"]
[BlackElo "2079"]
[PlyCount "84"]
[EventDate "2019.04.12"]
[EventType "swiss"]
[EventRounds "7"]
[EventCountry "GER"]
[SourceTitle "EXT 2022"]
[Source "ChessBase"]
[SourceDate "2021.10.06"]
[SourceVersion "1"]
[SourceVersionDate "2021.10.06"]
[SourceQuality "1"]

1. e4 e5 2. Nf3 Nc6 3. Bb5 a6 4. Ba4 Nf6 5. d4 exd4 6. e5 Ne4 7. 0-0 Be7 8. Re1 Nc5 9. Bxc6 dxc6 10. Nxd4 0-0 11. Nc3 Re8 12. Be3 Ne6 13. Nf5 Bf8 14. Qf3 Ng5 15. Qf4 Bxf5 16. Qxf5 Ne6 17. Rad1 Qe7 18. Ne4 Red8 19. Rxd8 Rxd8 20. Ng5 g6 21. Qg4 h5 22. Qg3 Bg7 23. c3 Rd5 24. Nf3 c5 25. h3 c4 26. b4 cxb3 27. axb3 Rd3 28. Rc1 Qa3 29. Ne1 Rd5 30. f4 Qxb3 31. Qf3 Qc4 32. Rb1 b5 33. Bc1 c5 34. Ra1 Qb3 35. Nc2 Rd8 36. Qe2 Qd5 37. Ne3 Qe4 38. g3 h4 39. Rxa6 hxg3 40. f5 Nf4 41. Qg4 gxf5 42. Qh4 Rd1+ 0-1

[Event "Niederrhein-ch"]
[Site "Solingen"]
[Date "2019.04.12"]
[Round "1.4"]
[White "Strater, Heinz"]
[Black "Kurr, Gerd"]
[Result "0-1"]
[WhiteElo "1831"]
[BlackElo "2099"]
[PlyCount "64"]
[EventDate "2019.04.12"]
[EventType "swiss"]
[EventRounds "7"]
[EventCountry "GER"]
[SourceTitle "EXT 2022"]
[Source "ChessBase"]
[SourceDate "2021.10.06"]
[SourceVersion "1"]
[SourceVersionDate "2021.10.06"]
[SourceQuality "1"]

1. e4 c6 2. c4 e5 3. Nf3 Qc7 4. d4 d6 5. Nc3 Bg4 6. Be2 Nf6 7. Bg5 Nbd7 8. h3 Bxf3 9. Bxf3 Be7 10. 0-0 0-0 11. d5 c5 12. Be2 Rfe8 13. f4 h6 14. fxe5 hxg5 15. exf6 Bxf6 16. Qd3 Re7 17. Nb5 Qb6 18. a4 a6 19. a5 Qd8 20. Nc3 Qc7 21. Ra3 Rae8 22. Bf3 Bd4+ 23. Kh1 Ne5 24. Qe2 Qd7 25. Kh2 g6 26. Nd1 f5 27. Ne3 g4 28. hxg4 Rh7+ 29. Kg3 f4+ 30. Kxf4 Nd3+ 31. Rxd3 Be5+ 32. Kg5 Qe7+ 0-1

[Event "Celerina op 12th"]
[Site "Celerina"]
[Date "2018.05.20"]
[Round "3"]
[White "Lipecki, Alexander"]
[Black "Strater, Heinz"]
[Result "1-0"]
[WhiteElo "2065"]
[BlackElo "1881"]
[PlyCount "127"]
[EventDate "2018.05.19"]
[EventType "swiss"]
[EventRounds "5"]
[EventCountry "SUI"]
[SourceTitle "CBM 184 Extra"]
[Source "ChessBase"]
[SourceDate "2018.06.28"]
[SourceVersion "1"]
[SourceVersionDate "2018.06.28"]
[SourceQuality "1"]

1. d4 Nf6 2. Nf3 g6 3. g3 Bg7 4. Bg2 0-0 5. 0-0 c5 6. c4 cxd4 7. Nxd4 Nc6 8. Nxc6 bxc6 9. Nc3 Qa5 10. Qc2 Rb8 11. b3 d5 12. Bd2 Bf5 13. Qc1 Qc5 14. cxd5 cxd5 15. Nxd5 Qd6 16. Bf4 e5 17. Nxf6+ Bxf6 18. Bg5 Rbc8 19. Qe3 Bxg5 20. Qxg5 Rc2 21. Rad1 Qa6 22. e4 Be6 23. Qxe5 Qxa2 24. Ra1 Qxb3 25. Rfb1 Qc4 26. Bf1 Qc6 27. Rxa7 Rc8 28. Ra6 Qe8 29. Rab6 Qe7 30. Rb8 Qa7 31. Rxc8+ Bxc8 32. Qf4 Bb7 33. Re1 Qc5 34. h3 Kg7 35. Bg2 Qc3 36. Qe3 Qc6 37. g4 Rc3 38. Qd4+ Kg8 39. Qd8+ Kg7 40. Qd4+ Kg8 41. Re3 Rc1+ 42. Kh2 Qc7+ 43. e5 Bxg2 44. Kxg2 Qb7+ 45. Qe4 Qa6 46. e6 Qf1+ 47. Kg3 Qg1+ 48. Qg2 Qxg2+ 49. Kxg2 fxe6 50. Rxe6 Kf7 51. Ra6 h6 52. h4 Rc3 53. f3 Rb3 54. Ra7+ Kg8 55. Kg3 Rb4 56. Re7 Rb1 57. Kf4 Rf1 58. Ra7 Rf2 59. Ra5 Kf7 60. h5 g5+ 61. Ke4 Rb2 62. Ra7+ Kf6 63. Rh7 Rb4+ 64. Ke3 1-0

[Event "Niederrhein-ch"]
[Site "Solingen"]
[Date "2018.03.28"]
[Round "6.7"]
[White "Strater, Heinz"]
[Black "Heinert, Eugen"]
[Result "0-1"]
[WhiteElo "1835"]
[BlackElo "2237"]
[PlyCount "80"]
[EventDate "2018.03.23"]
[EventType "swiss"]
[EventRounds "7"]
[EventCountry "GER"]
[SourceTitle "EXT 2022"]
[Source "ChessBase"]
[SourceDate "2021.10.06"]
[SourceVersion "1"]
[SourceVersionDate "2021.10.06"]
[SourceQuality "1"]

1. e4 e6 2. d4 d5 3. exd5 exd5 4. Nf3 Nc6 5. c4 Nf6 6. Nc3 Bb4 7. Be2 dxc4 8. 0-0 0-0 9. Bxc4 Bg4 10. Bg5 h6 11. Bxf6 Qxf6 12. Nd5 Qd6 13. Rc1 Rad8 14. Qb3 Bxf3 15. Qxf3 Nxd4 16. Qe4 Nc6 17. Rfd1 Rfe8 18. Qh4 Ba5 19. Bb3 Qe5 20. Ne3 Rd4 21. Qh3 Red8 22. Qf3 Rxd1+ 23. Rxd1 Rxd1+ 24. Qxd1 Qxb2 25. Qd7 Qa1+ 26. Nd1 Ne5 27. Qc8+ Kh7 28. Qxb7 Qd4 29. h3 Bb6 30. Qc8 Qf4 31. Qe8 Bd4 32. Qe7 c5 33. Qxa7 Qd2 34. Qa4 g6 35. Bc2 c4 36. a3 h5 37. Kf1 Nd3 38. Bxd3 Qxd3+ 39. Kg1 Kg7 40. Kh2 Qb3 0-1

[Event "Niederrhein-ch"]
[Site "Solingen"]
[Date "2018.03.26"]
[Round "4.8"]
[White "Alonso, Jose Antonio"]
[Black "Strater, Heinz"]
[Result "0-1"]
[WhiteElo "1835"]
[BlackElo "1835"]
[PlyCount "60"]
[EventDate "2018.03.23"]
[EventType "swiss"]
[EventRounds "7"]
[EventCountry "GER"]
[SourceTitle "EXT 2022"]
[Source "ChessBase"]
[SourceDate "2021.10.06"]
[SourceVersion "1"]
[SourceVersionDate "2021.10.06"]
[SourceQuality "1"]

1. e4 e6 2. d4 d5 3. e5 c5 4. c3 Nc6 5. Nf3 Qb6 6. Bd3 Bd7 7. Bc2 cxd4 8. cxd4 Nb4 9. Nc3 Qa6 10. a3 Rc8 11. Be3 Nxc2+ 12. Qxc2 Bb4 13. Nd2 Ne7 14. f4 Nf5 15. Kf2 Bxc3 16. bxc3 Ba4 17. Qb2 Qd3 18. Rhe1 Rxc3 19. g4 Nxe3 20. Rac1 Nxg4+ 21. Kg1 Qxd4+ 22. Kh1 Qxf4 23. Ne4 dxe4 24. Rxc3 0-0 25. Qe2 Bc6 26. Rf1 e3+ 27. Kg1 Qe4 28. Rxc6 bxc6 29. Rf3 Rd8 30. Rg3 Qb1+ 0-1

[Event "St Veit op-B 35th"]
[Site "St Veit"]
[Date "2016.07.15"]
[Round "8"]
[White "Strater, Heinz"]
[Black "Widowitz, Manfred"]
[Result "1-0"]
[WhiteElo "1941"]
[BlackElo "2056"]
[PlyCount "107"]
[EventDate "2016.07.09"]
[EventType "swiss"]
[EventRounds "9"]
[EventCountry "AUT"]
[SourceTitle "EXT 2017"]
[Source "ChessBase"]
[SourceDate "2016.10.25"]
[SourceVersion "1"]
[SourceVersionDate "2016.10.25"]
[SourceQuality "1"]

1. e4 c5 2. b4 cxb4 3. a3 d5 4. exd5 Qxd5 5. Nf3 e5 6. c4 Qe6 7. d4 exd4+ 8. Be2 Nc6 9. 0-0 bxa3 10. Bxa3 Bxa3 11. Nxa3 Nf6 12. Nb5 Qd7 13. Qc2 0-0 14. Rfd1 Qf5 15. Bd3 Qc5 16. Nbxd4 Nb4 17. Qb3 Nxd3 18. Qxd3 Bg4 19. h3 Bh5 20. Re1 Bg6 21. Qb3 Be4 22. Re3 Rfd8 23. Qc3 Rac8 24. Rc1 h6 25. Nb3 Qb6 26. Rce1 Nd5 27. c5 Qc7 28. Qd4 Nxe3 29. Qxe4 Re8 30. Qa4 b5 31. Qxb5 Rb8 32. Qa4 Red8 33. fxe3 Rd3 34. Nc1 Rc3 35. Nd4 Qxc5 36. Ncb3 Qe7 37. Nf5 Qe5 38. Nbd4 a5 39. Qd7 Qe4 40. Nd6 Qd5 41. N4f5 Qa2 42. Rf1 Rc2 43. Ne7+ Kh7 44. Qf5+ g6 45. Qxf7+ Qxf7 46. Rxf7+ Kh8 47. Nxg6+ Kg8 48. Ne7+ Kh8 49. Ndf5 Rb6 50. Rg7 Rc5 51. e4 Re5 52. Ng6+ Rxg6 53. Rxg6 Kh7 54. Rxh6+ 1-0

[Event "Niederrhein-ch"]
[Site "Solingen"]
[Date "2014.04.18"]
[Round "7"]
[White "Strater, Heinz"]
[Black "Guenaydin, Alperen"]
[Result "1-0"]
[WhiteElo "1992"]
[BlackElo "1711"]
[PlyCount "57"]
[EventDate "2014.04.12"]
[EventType "swiss"]
[EventRounds "7"]
[EventCountry "GER"]
[SourceTitle "EXT 2016"]
[Source "ChessBase"]
[SourceDate "2015.10.08"]
[SourceVersion "1"]
[SourceVersionDate "2015.10.08"]
[SourceQuality "1"]

1. e4 e6 2. Nf3 d5 3. e5 c5 4. b4 cxb4 5. d4 Nc6 6. a3 Bd7 7. axb4 Bxb4+ 8. c3 Be7 9. Bd3 Rc8 10. 0-0 a6 11. Na3 Na5 12. Qc2 Qc7 13. Bd2 Nh6 14. Rfc1 Nf5 15. g4 Nh4 16. Nxh4 Bxh4 17. Bxh7 Be7 18. g5 g6 19. Bxg6 fxg6 20. Qxg6+ Kf8 21. Re1 Rg8 22. Qh6+ Ke8 23. Qh7 Rf8 24. g6 Nb3 25. Bh6 Nxa1 26. Bxf8 Bxf8 27. Qf7+ Kd8 28. Qxf8+ Be8 29. g7 1-0

[Event "Neumarkt am Wallersee op 12th"]
[Site "Neumarkt am Wallersee"]
[Date "2013.08.25"]
[Round "2"]
[White "Strater, Heinz"]
[Black "Kaspret, Guido"]
[Result "0-1"]
[WhiteElo "2007"]
[BlackElo "2295"]
[PlyCount "82"]
[EventDate "2013.08.24"]
[EventType "swiss"]
[EventRounds "9"]
[EventCountry "AUT"]
[SourceTitle "CBM 156 Extra"]
[Source "ChessBase"]
[SourceDate "2013.10.22"]
[SourceVersion "1"]
[SourceVersionDate "2013.10.22"]
[SourceQuality "1"]

1. e4 c5 2. b4 cxb4 3. a3 b3 4. cxb3 d5 5. exd5 Nf6 6. Bb5+ Bd7 7. Bxd7+ Qxd7 8. Nf3 Nxd5 9. 0-0 Nc6 10. Nc3 0-0-0 11. Bb2 Nf4 12. d4 Qg4 13. g3 h5 14. Kh1 Nd5 15. Rc1 Kb8 16. Re1 f6 17. b4 Nxc3 18. Rxc3 e5 19. Rce3 exd4 20. Re4 Qf5 21. Nxd4 Nxd4 22. Rxd4 Rc8 23. Rd5 Qxf2 24. Bc1 g5 25. Re8 Be7 26. Rxh8 Rxh8 27. Rd7 h4 28. Rxe7 hxg3 29. Rxb7+ Kxb7 30. Qd5+ Kc7 31. Qf7+ Kd8 32. Qd5+ Ke7 33. Qb7+ Kf8 34. Qc8+ Kg7 35. Qd7+ Kg6 36. Qd3+ Qf5 37. Qxg3 Qf1+ 38. Qg1 Qf3+ 39. Qg2 Qd1+ 40. Qg1 Rd8 41. Be3 Qf3+ 0-1

[Event "Lower Rhine-ch"]
[Site "Solingen"]
[Date "2011.04.18"]
[Round "3"]
[White "Strater, Heinz"]
[Black "Waagener, Ulrich"]
[Result "1/2-1/2"]
[WhiteElo "2060"]
[BlackElo "2228"]
[PlyCount "45"]
[EventDate "2011.04.16"]
[EventType "swiss"]
[EventRounds "7"]
[EventCountry "GER"]
[SourceTitle "CBM 142 Extra"]
[Source "ChessBase"]
[SourceDate "2011.06.27"]
[SourceVersion "1"]
[SourceVersionDate "2011.06.27"]
[SourceQuality "1"]

1. e4 c6 2. c4 d5 3. exd5 cxd5 4. d4 Nf6 5. Nf3 Bg4 6. cxd5 Bxf3 7. Qxf3 Qxd5 8. Qxd5 Nxd5 9. Bb5+ Nd7 10. Nc3 Nb4 11. 0-0 e6 12. Bf4 a6 13. Bxd7+ Kxd7 14. d5 exd5 15. Rad1 Bd6 16. Bxd6 Kxd6 17. a3 Nc6 18. Nxd5 Rad8 19. Rfe1 Kc5 20. b4+ Kc4 21. Re4+ Kb5 22. Re3 Ka4 23. Nb6+ 1/2-1/2

[Event "Neumarkt am Wallersee op 09th"]
[Site "Neumarkt am Wallersee"]
[Date "2010.08.24"]
[Round "4"]
[White "Strater, Heinz"]
[Black "Posch, Roland"]
[Result "0-1"]
[WhiteElo "2094"]
[BlackElo "2112"]
[PlyCount "58"]
[EventDate "2010.08.21"]
[EventType "swiss"]
[EventRounds "9"]
[EventCountry "AUT"]
[SourceTitle "CBM 138 Extra"]
[Source "ChessBase"]
[SourceDate "2010.10.29"]
[SourceVersion "1"]
[SourceVersionDate "2010.10.29"]
[SourceQuality "1"]

1. e4 e5 2. Nf3 Nc6 3. Bb5 a6 4. Ba4 Nf6 5. d4 exd4 6. e5 Ne4 7. 0-0 Nc5 8. Bxc6 dxc6 9. Nxd4 Ne6 10. Be3 Qd5 11. Nc3 Qxe5 12. Re1 c5 13. Nxe6 Bxe6 14. f4 Qf5 15. h3 h5 16. Qf3 0-0-0 17. Qf2 Bd6 18. a4 Rh6 19. a5 Rg6 20. Kh2 Rf6 21. Ra4 c4 22. Ne2 Qxc2 23. Raa1 g5 24. Rf1 gxf4 25. Bxf4 Bxf4+ 26. Nxf4 Qxf2 27. Rxf2 Rd5 28. Kg3 Rdf5 29. Raf1 Rxa5 0-1

[Event "Niederrhein-ch"]
[Site "Moers"]
[Date "2009.04.05"]
[Round "3"]
[White "Strater, Heinz"]
[Black "Osbild, Reiner"]
[Result "1/2-1/2"]
[WhiteElo "1942"]
[BlackElo "1860"]
[PlyCount "39"]
[EventDate "2009.04.03"]
[EventType "swiss"]
[EventRounds "9"]
[EventCountry "GER"]
[SourceTitle "EXT 2010"]
[Source "ChessBase"]
[SourceDate "2010.11.25"]
[SourceVersion "1"]
[SourceVersionDate "2010.11.25"]
[SourceQuality "1"]

1. e4 c6 2. c4 d5 3. exd5 cxd5 4. d4 Nf6 5. Nf3 Nc6 6. Nc3 e6 7. Bd3 dxc4 8. Bxc4 Be7 9. 0-0 a6 10. Bf4 b5 11. Bd3 Bb7 12. Rc1 0-0 13. Be5 Rc8 14. Qe2 g6 15. Rfd1 Nxe5 16. dxe5 Nd5 17. Be4 Nxc3 18. Rxc3 Qb6 19. Rcd3 Bxe4 20. Qxe4 1/2-1/2

[Event "Goch op 18th"]
[Site "Goch"]
[Date "2007.10.05"]
[Round "3"]
[White "Bielmeier, Ludwig"]
[Black "Strater, Heinz"]
[Result "1-0"]
[WhiteElo "2193"]
[BlackElo "2109"]
[PlyCount "138"]
[EventDate "2007.10.04"]
[EventType "swiss"]
[EventRounds "7"]
[EventCountry "GER"]
[SourceTitle "EXT 2011"]
[Source "ChessBase"]
[SourceDate "2010.11.26"]
[SourceVersion "1"]
[SourceVersionDate "2010.11.26"]
[SourceQuality "1"]

1. Nf3 Nf6 2. g3 g6 3. b4 Bg7 4. Bb2 0-0 5. Bg2 d6 6. 0-0 c5 7. bxc5 dxc5 8. Na3 Nc6 9. d3 a6 10. Nc4 Qc7 11. Nfe5 Bd7 12. Nxd7 Nxd7 13. Bxg7 Kxg7 14. Qd2 b5 15. Ne3 Nf6 16. Rfe1 Rad8 17. Qc3 Nd4 18. Qb2 Rd6 19. c3 Ne6 20. Reb1 Rb8 21. Qc1 h5 22. Rb2 h4 23. Rab1 hxg3 24. hxg3 Rdb6 25. Rc2 Qe5 26. a4 Qh5 27. axb5 axb5 28. Bf3 Qh7 29. Kg2 Rh8 30. Ra2 Ng5 31. Nf5+ gxf5 32. Qxg5+ Qg6 33. Qxg6+ fxg6 34. Ra7 Kf7 35. Rc7 g5 36. Kg1 g4 37. Bg2 Rhb8 38. Rxc5 e6 39. Rb4 Ke7 40. Rc7+ Kd6 41. Ra7 Kc5 42. Rc7+ Kd6 43. Rf7 Ne8 44. Rd4+ Kc5 45. Rf8 Nd6 46. Rb4 Ne8 47. f4 Ra6 48. Rb1 Ra3 49. Rc1 Kd6 50. Kf2 Ke7 51. Rh8 Rc8 52. Rb1 Rc5 53. d4 Rcxc3 54. Rxb5 Nd6 55. Rc5 Nf7 56. Rh7 Kf6 57. Rxc3 Rxc3 58. Rh1 Nd6 59. Rh6+ Ke7 60. d5 exd5 61. Bxd5 Rc5 62. Bg2 Rc3 63. Rg6 Ra3 64. Bd5 Ra5 65. Re6+ Kd7 66. Re5 Ra3 67. Be6+ Kc6 68. Bxf5 Nxf5 69. Rxf5 Kd6 1-0

[Event "Niederrhein-ch"]
[Site "Krefeld"]
[Date "2007.04.07"]
[Round "9"]
[White "Strater, Heinz"]
[Black "Schott, Detlef"]
[Result "0-1"]
[WhiteElo "1892"]
[BlackElo "1865"]
[PlyCount "64"]
[EventDate "2007.03.30"]
[EventType "swiss"]
[EventRounds "9"]
[EventCountry "GER"]
[SourceTitle "EXT 2010"]
[Source "ChessBase"]
[SourceDate "2010.11.25"]
[SourceVersion "1"]
[SourceVersionDate "2010.11.25"]
[SourceQuality "1"]

1. e4 a6 2. c4 c5 3. Nf3 Nc6 4. d4 cxd4 5. Nxd4 e6 6. Be3 Bb4+ 7. Nd2 Nf6 8. f3 Qa5 9. N4b3 Qc7 10. c5 d5 11. Qc2 dxe4 12. fxe4 Ng4 13. Bg1 Qf4 14. 0-0-0 a5 15. Bb5 0-0 16. h3 a4 17. Na1 Nge5 18. Bh2 Qg5 19. Kb1 Nd4 20. Nf3 Nexf3 21. Rxd4 Nxd4 22. Qd3 Nxb5 23. Qxb5 Qxc5 24. Qd3 b6 25. a3 Ba6 26. Qf3 Bd2 27. Rd1 Rfc8 28. Bg1 Qg5 29. Nc2 Rxc2 30. Kxc2 Rc8+ 31. Kb1 Qf4 32. Bxb6 f6 0-1

[Event "Niederrhein-ch"]
[Site "Krefeld"]
[Date "2007.04.03"]
[Round "5"]
[White "Strater, Heinz"]
[Black "Thieme, Wolfgang"]
[Result "1-0"]
[WhiteElo "1892"]
[BlackElo "1787"]
[PlyCount "71"]
[EventDate "2007.03.30"]
[EventType "swiss"]
[EventRounds "9"]
[EventCountry "GER"]
[SourceTitle "EXT 2010"]
[Source "ChessBase"]
[SourceDate "2010.11.25"]
[SourceVersion "1"]
[SourceVersionDate "2010.11.25"]
[SourceQuality "1"]

1. e4 c5 2. Nf3 e6 3. d4 cxd4 4. Nxd4 Bc5 5. Nb3 Bb6 6. Nc3 Ne7 7. Bf4 d5 8. Bd3 Nbc6 9. 0-0 d4 10. Na4 e5 11. Nxb6 Qxb6 12. Bg3 Be6 13. f4 exf4 14. Bxf4 Ng6 15. Bd6 Rd8 16. Bc5 Qc7 17. Qh5 Qe5 18. Qxe5 Ngxe5 19. Rad1 b6 20. Ba3 Nc4 21. Bxc4 Bxc4 22. Rf2 d3 23. c3 Bxb3 24. axb3 Ne5 25. c4 Kd7 26. Bb4 Ke6 27. Bc3 Ng4 28. Rf3 d2 29. Bxg7 Rhg8 30. Bc3 Rd7 31. Rxd2 Ne5 32. Rh3 Rxd2 33. Bxd2 Rd8 34. Bc3 Ng4 35. Kf1 Rg8 36. Ke2 1-0

[Event "St Veit op 25th"]
[Site "St Veit"]
[Date "2006.07.13"]
[Round "6"]
[White "Antonini, Luis"]
[Black "Strater, Heinz"]
[Result "0-1"]
[WhiteElo "2036"]
[BlackElo "2133"]
[PlyCount "82"]
[EventDate "2006.07.08"]
[EventType "swiss"]
[EventRounds "9"]
[EventCountry "AUT"]
[SourceTitle "CBM 113 Extra"]
[Source "ChessBase"]
[SourceDate "2006.09.14"]
[SourceVersion "1"]
[SourceVersionDate "2006.09.14"]
[SourceQuality "1"]

1. e4 e6 2. d4 d5 3. e5 c5 4. c3 Nc6 5. Nf3 Qb6 6. a3 a5 7. Bd3 Bd7 8. Bc2 cxd4 9. cxd4 f6 10. exf6 Nxf6 11. 0-0 Bd6 12. Nc3 0-0 13. Qd3 Be8 14. Na4 Qc7 15. Qe3 e5 16. dxe5 Nxe5 17. Bb3 Bxa4 18. Bxa4 Nfg4 19. Qd4 Nxf3+ 20. gxf3 Nxh2 21. Qxd5+ Kh8 22. Be3 Nxf3+ 23. Kg2 Bc5 24. Qh5 Rf5 25. Qh3 Bxe3 26. fxe3 Rg5+ 27. Kxf3 Rf8+ 28. Ke2 Qc4+ 29. Ke1 Rd8 30. Qf3 h6 31. Qf4 Qc5 32. Rd1 Rc8 33. Qd4 Qc7 34. Qd6 Qc4 35. Bd7 Qh4+ 36. Rf2 Rg1+ 37. Ke2 Qh5+ 38. Rf3 Rg2+ 39. Kd3 Qxf3 40. Rd2 Rxd2+ 41. Kxd2 Qf2+ 0-1

[Event "St Veit op 25th"]
[Site "St Veit"]
[Date "2006.07.12"]
[Round "5"]
[White "Strater, Heinz"]
[Black "Vokroj, Rene"]
[Result "0-1"]
[WhiteElo "2133"]
[BlackElo "2313"]
[PlyCount "68"]
[EventDate "2006.07.08"]
[EventType "swiss"]
[EventRounds "9"]
[EventCountry "AUT"]
[SourceTitle "CBM 113 Extra"]
[Source "ChessBase"]
[SourceDate "2006.09.14"]
[SourceVersion "1"]
[SourceVersionDate "2006.09.14"]
[SourceQuality "1"]

1. e4 Nc6 2. Nf3 d6 3. d4 Bg4 4. Bc4 Nf6 5. d5 Nb8 6. Nc3 Nbd7 7. h3 Bxf3 8. Qxf3 g6 9. Be3 Bg7 10. Bb3 0-0 11. g4 c5 12. dxc6 bxc6 13. 0-0-0 Qa5 14. g5 Nh5 15. Qe2 Bxc3 16. bxc3 Qa3+ 17. Kb1 a5 18. Rd4 Nb6 19. Bc1 Qc5 20. a4 Rab8 21. Ka2 Qe5 22. Rd2 c5 23. Rd5 Nxd5 24. Bxd5 Qxc3 25. Bb3 Rfc8 26. Bb2 Qb4 27. Ba3 Qb7 28. Rd1 c4 29. Bxc4 Nf4 30. Qf1 Qxe4 31. Bb3 Rxc2+ 32. Bxc2 Qxc2+ 33. Ka1 Qc3+ 34. Ka2 Qb3+ 0-1

[Event "Duisburg Grossenbaum op"]
[Site "Duisburg"]
[Date "2006.06.11"]
[Round "7"]
[White "Strater, Heinz"]
[Black "Kaufeld, Juergen"]
[Result "1/2-1/2"]
[WhiteElo "2133"]
[BlackElo "2261"]
[PlyCount "81"]
[EventDate "2006.06.02"]
[EventType "swiss"]
[EventRounds "7"]
[EventCountry "GER"]
[SourceTitle "EXT 2007"]
[Source "ChessBase"]
[SourceDate "2006.11.23"]
[SourceVersion "1"]
[SourceVersionDate "2006.11.23"]
[SourceQuality "1"]

1. e4 c5 2. Nf3 e6 3. d4 cxd4 4. Nxd4 Nc6 5. Be3 d6 6. Nc3 Nf6 7. f4 e5 8. Nf3 Ng4 9. Bd2 Be7 10. Bc4 exf4 11. Bxf4 0-0 12. Qd2 Nge5 13. Bd5 Bg4 14. Rf1 Rc8 15. 0-0-0 Qa5 16. Kb1 Bf6 17. h3 Bh5 18. g4 Bg6 19. g5 Nxf3 20. Rxf3 Be5 21. Rh1 Nd4 22. Rd3 Nb5 23. Bxe5 dxe5 24. Nxb5 Qxb5 25. Rb3 Qa4 26. Qe2 Rfd8 27. Rc1 b6 28. h4 Bf5 29. Bxf7+ Kxf7 30. Rf3 Kg8 31. Rxf5 Qd4 32. Rf3 Qd2 33. Qxd2 Rxd2 34. Rf5 Re8 35. Re1 Rh2 36. g6 hxg6 37. Rg5 Kh7 38. Reg1 Re6 39. R5g4 Rf6 40. a3 a5 41. Rg5 1/2-1/2